| 000 | 00437cam9a220016900 4500 | ||
|---|---|---|---|
| 001 | tmp15754261 | ||
| 003 | UPRA | ||
| 005 | 20190819085751.0 | ||
| 008 | 951020s1973 xx eng u | ||
| 035 | _a(Sirsi) r42036 | ||
| 035 | _a(UPRA)tmp15754261 | ||
| 040 | _cUPRA | ||
| 245 | 0 | 0 |
_aChristians alive : _bhandbook for spiritual growth. |
| 260 | _c1973. | ||
| 949 |
_aBV4011.6 _wlcc _i-51194 _mMAIN _p2500 _tBOOK _lON-SHELF |
||
| 004 | 42036 | ||
| 999 |
_c95308 _d95308 |
||